000 00738nam a2200241Ia 4500
005 20260121112424.0
008 5872 260114s9999 xx 000 0 eng d
020 _a9789814390163
037 _aEBOOK
040 _aCRL
_beng
_cCRL
041 _aeng
_2eng
084 _qCRL
100 _aMatchev Konstantin Et Al
_9957367
245 0 _aDark Secrets of the Terascale, the Tasi 2011 – Proceedings of the 2011 Theoretical Advanced Study Institute in Elementary Particle Physics
260 _bWorld Scientific
260 _bWSPC
260 _c2012
650 _aPhysics
_9957368
856 _uhttps://www.worldscientific.com/worldscibooks/10.1142/8388#t=toc
942 _cEBOOK
999 _c1543172
_d1543172